000 00694nam a2200229 a 4500
001 BRCA_5609
005 20190320205142.0
008 210211m19011916sp-a######---#000-0#spa-#
041 _aspa
044 _asp
050 4 _aN7101
_b.M38 1901
245 1 0 _aMateriales y documentos de arte español
_cpublicados bajo la dirección artística de Mira Leroy.
260 _aBarcelona
_bParera
_c1901-c1916
300 _a10 t. en 5 v.
_bil., 1056 láminas
_c34 cm.
500 _aEstado físico: el tomo I, II, III y V presentan lomo roto
500 _aF87
650 1 4 _aArte español
_92063
650 1 4 _aArte
_xHistoria
_914297
700 1 _aLeroy, Mira
_914298
902 _aGFM
942 _2lcc
_cB
999 _c5303
_d5303